Tố Hữu toàn tập T.1

Giới thiệu các tập thơ của Tố Hữu như: Từ ấy, Việt Bắc, gió lộng, ra trận, máu và hoa, một tiếng đờn, ta với ta

Đã lưu trong:
Bibliografiske detaljer
Hovedforfatter: Tố Hữu
Andre forfattere: Hà Minh Đức
Format: Bog
Sprog:Undetermined
Udgivet: H. Văn học 2009
Fag:
Online adgang:http://lrc.tdmu.edu.vn/opac/search/detail.asp?aID=2&ID=18549
Tags: Tilføj Tag
Ingen Tags, Vær først til at tagge denne postø!
Thư viện lưu trữ: Trung tâm Học liệu Trường Đại học Thủ Dầu Một
LEADER 00907nam a2200229Ia 4500
001 TDMU_18549
008 210410s9999 xx 000 0 und d
082 |a 895.922134 
090 |b T450 
100 |a Tố Hữu 
245 0 |a Tố Hữu toàn tập 
245 0 |c Hà Minh Đức sưu tầm, tuyển chọn, giới thiệu 
245 0 |n T.1 
260 |a H. 
260 |b Văn học 
260 |c 2009 
300 |a 806tr. 
520 |a Giới thiệu các tập thơ của Tố Hữu như: Từ ấy, Việt Bắc, gió lộng, ra trận, máu và hoa, một tiếng đờn, ta với ta 
650 |a Tố Hữu,  |d 1920-2002; Văn học Việt Nam  |x Thơ 
700 |a Hà Minh Đức 
856 |u http://lrc.tdmu.edu.vn/opac/search/detail.asp?aID=2&ID=18549 
980 |a Trung tâm Học liệu Trường Đại học Thủ Dầu Một